Quiz dla geomexa - Statystyki

Ogólne statystyki
  • Ten quiz został rozwiązany 142 razy
  • Średni wynik to 8 z 15
Statystyki odpowiedzi
Zagadnienie Odpowiedź % Poprawnych
Jaki Kraj nie ma kolory Niebieskiego Czerwonego i Białego? Jamajka
95%
Nazwy jakich krajów też nadają się na imię? Kuba Dominika
95%
Jaki kraj nie pasuje? Cypr
84%
Grenlandia to wyspa Danii
84%
Jaki kraj nie zaatakował polski? Białoruś
74%
Jaka jest stolica Australii Canberra
63%
Jaki kraj tu nie pasuje Tonga
63%
Jaki kraj ma kaktus na fladze? Meksyk
58%
Jaki kraj nie pasuje? Indonezja
42%
Z czego słynie Palau Z podobności do Japonii lub Bangladeszu
37%
Jaki kraj nie pasuje? Ghana
32%
Jakie Sąsiedzi dwa kraje nie mają dostępu do Oceanu morza tak samo co jego sąsiedzi? Uzbekistan Liechtenstein
32%
Jaki kraj nie pasuje? Brunei
21%
Jaki kraj nie pasuje? Grenada
16%
Jaki kraj słynie z Papieża? Polska
0%
Nie znaleziono quizów pasujących do podanych kryteriów
Rozkład punktacji
Procent ludzi z każdym wynikiem
Percentyl według liczby udzielonych odpowiedzi
Twoja historia wyników
Nie rozwiązałeś tego quizu